El día cuatro de agosto de mil novecientos cuarenta y siete moría Manolete en la Plaza de Vitoria / (Registro nro. 22853)
[ vista simple ]
| 000 -LEADER | |
|---|---|
| campo de control de longitud fija | 00779nam a2200217 i 4500 |
| 001 - NÚMERO DE CONTROL | |
| campo de control | 22853 |
| 003 - IDENTIFICADOR DE NÚMERO DE CONTROL | |
| campo de control | ES-MaACL |
| 005 - FECHA Y HORA DE LA ÚLTIMA TRANSACCIÓN | |
| campo de control | 20250608193143.0 |
| 007 - CAMPO FIJO DE DESCRIPCIÓN FÍSICA--INFORMACIÓN GENERAL | |
| campo de control de longitud fija | t| |
| 008 - DATOS DE LONGITUD FIJA--INFORMACIÓN GENERAL | |
| campo de control de longitud fija | 021205s1957 sp af |||| |bspa d |
| 080 ## - NÚMERO DE LA CLASIFICACIÓN DECIMAL UNIVERSAL | |
| Número de la Clasificación Decimal Universal | 929 Manolete:791.862 |
| 100 1# - ENTRADA PRINCIPAL--NOMBRE DE PERSONA | |
| Nombre de persona | Altube, Gregorio de. |
| 9 (RLIN) | 20561 |
| 245 13 - MENCIÓN DEL TÍTULO | |
| Título | El día cuatro de agosto de mil novecientos cuarenta y siete moría Manolete en la Plaza de Vitoria / |
| Mención de responsabilidad, etc. | por Gregorio de Altube. |
| 260 ## - PUBLICACIÓN, DISTRIBUCIÓN, ETC. | |
| Lugar de publicación, distribución, etc. | [S.l. : |
| Nombre del editor, distribuidor, etc. | s.n., |
| Fecha de publicación, distribución, etc. | 1957] ( |
| Lugar de fabricación/manufactura | San Sebastián : |
| Fabricante | Industria Gráfica Valverde) |
| 300 ## - DESCRIPCIÓN FÍSICA | |
| Extensión | [34] p., [6] h. de lám. col. : |
| Otras características físicas | il. col. ; |
| Dimensiones | 28 cm. |
| 597 ## - NOTA DE DESCRIPCIÓN FÍSICA | |
| NOTA DE DESCRIPCIÓN FÍSICA | P. sin numerar. |
| 600 17 - PUNTO DE ACCESO ADICIONAL DE MATERIA--NOMBRE DE PERSONA | |
| Nombre de persona | Manolete, |
| Fechas asociadas al nombre | 1917-1947 |
| Fuente del encabezamiento o término | |
| 9 (RLIN) | 161488 |
| 650 #4 - PUNTO DE ACCESO ADICIONAL DE MATERIA--TÉRMINO DE MATERIA | |
| Término de materia o nombre geográfico como elemento de entrada | Corridas de toros- |
| Subdivisión general | En el arte. |
| 9 (RLIN) | 11372 |
| 852 ## - LOCALIZACIÓN | |
| Ubicación | ES-MaACL |
| Número de control de estantería | 1976-F-26 |
| Estatus retirado | Estado de pérdida | Estado de daño | No para préstamo | Colección | Biblioteca de origen | Biblioteca actual | Ubicación en estantería | Fecha de adquisición | Fuente de adquisición | Total de préstamos | Signatura topográfica completa | Código de barras | Visto por última vez | Precio de reemplazo | Tipo de ítem Koha |
|---|---|---|---|---|---|---|---|---|---|---|---|---|---|---|---|
| Colección de folletos | Biblioteca del Ateneo de Madrid | Biblioteca del Ateneo de Madrid | Depósito folletos | 17/01/2008 | 1976-F-26 | 1023534 | 23/02/2023 | 23/02/2023 | Folleto |
